| 000 | 00366nam a22001337a 4500 | ||
|---|---|---|---|
| 020 | _a9780199401833 | ||
| 082 |
_a330.95491 _bZAI |
||
| 100 | _aZaidi, S. Akbar | ||
| 245 |
_aIssues in Pakistan;s Economy: _ba political economy perspective / |
||
| 250 | _a3rd Ed. | ||
| 260 |
_aKarachi: _bOxford, _c2022. |
||
| 300 |
_axix,828p. _bPaperback, _c28cm. |
||
| 942 |
_2ddc _cBK |
||
| 999 |
_c593548 _d593548 |
||